| 000 | 00938nam a2200205Ia 4500 | ||
|---|---|---|---|
| 003 | Ost | ||
| 005 | 20260507075636.0 | ||
| 008 | 260507s9999||||xx |||||||||||||| ||und|| | ||
| 020 | _a3455036997 | ||
| 040 | _cfsecg | ||
| 041 | _aara | ||
| 082 | _a346.07 | ||
| 100 |
_aالعريني، محمد فريد _eمؤلف |
||
| 245 | 0 |
_aالقانون التجاري : _bالنظرية العامة للشركات- شركات الأشخاص- شركة الأموال / _c محمد فريد العريني |
|
| 260 |
_aالإسكندرية: _bدار المطبوعات الجامعية, _c2003 |
||
| 300 |
_a716 صفحة؛ _bإيضاحات ؛ _c23 سم |
||
| 520 | _aالنظرية العامة للشركة- في شركات الأشخاص- في شركات الأموال- شركات ذات المحدودية المسؤولية- في تعديل عقد تأسيس الشركة . | ||
| 653 | _aالقانون التجاري | ||
| 942 | _cكتاب | ||
| 999 |
_c45294 _d45294 |
||